000
00255nam a2200109Ia 4500
008
230907s9999||||xx |||||||||||||| ||und||
082
_a
532
_b
POT
245
0
_a
Mechanics of fluids /
260
_a
Cengage,
_b
Delhi :
_c
2017
300
_a
793 p.
942
_c
BK
999
_c
600328
_d
600328